000 01112nam a2200229Ia 4500
003 Ost
005 20260507075319.0
008 260507s9999||||xx |||||||||||||| ||und||
020 _a9789957324674
040 _cfsecg
041 _aara
082 _a658.3
100 _aجواد، شوقي ناجي
_eمؤلف
245 0 _aالسلوك التنظيمي في منظمات الأعمال /
_c شوقي ناجي جواد
260 _aعمان:
_bدار الحامد للنشر والتوزيع,
_c2010
300 _a315 صفحة؛
_bإيضاحات ؛
_c25 سم
520 _aالسلوك التنظيمي و السلوك الانساني، الدافعية و الترغيب للعمل ، التعلم و التثقيف، أنشطة أخرى ذات انعكاسات سلوكية لدى الافراد، التعامل مع الاخرين، الثقافة، التحول مدخل تغيير الفرد و تطوره، موضوعات عن طبيعة البشرية
653 _aإدارة الأعمال
653 _aالسلوك الإداري
653 _aتنظيم وإدارة
942 _cكتاب
999 _c43911
_d43911